000 01010cam a2200277 4500
008 090401t2001 xxu||||| |||| 00| 0 eng d
020 _a0754502309
035 _a(Sirsi) u99841
041 _aeng
050 _a658.2
100 _aBooty, F.
_xEditor
245 _aButterworths Tolley's facilities management handbook
260 _aCroydon
_bButterworth
_c2001
300 _axiv, 450p. ; 23cm.
350 _a59.00
520 _aThis handbook gives a complete overview of the role of the facilities manager. It provides relevant legal compliance, strategic policies and best practice information, complete with checklists and sources of further information.
650 _aFACILITIES MANAGERS
650 _aProperty management
_96262
650 _aPREMISES MANAGEMENT
650 _aASSET MANAGEMENT
650 _aHEALTH AND SAFETY
_96244
650 _aBUILT ENVIRONMENT-BUILDING MAINTENANCE AND REFURBISHMENT
690 _aMANAGEMENT-FACILITIES MANAGEMENT
942 _n0
948 _c21/04/1999
999 _c99488
_d99488